| 000 | 00813nas a2200265 4500 | ||
|---|---|---|---|
| 001 | BR9604781 | ||
| 003 | BR-BrBNA | ||
| 005 | 20231205095813.0 | ||
| 007 | ta | ||
| 008 | 230509b bl.|||p| |||| 00| 00por d | ||
| 040 |
_aBR-BrBNA _bpor _cBiblioteca Nacional de Agricultura |
||
| 041 | _a(Pt) | ||
| 072 | _aL73 | ||
| 100 | 1 | _aAlbas, A. | |
| 100 | 1 | _aCamargo, L.M. de | |
| 100 | 1 | _aGiometti, J. | |
| 100 | 1 | _aTarumoto, M.H. | |
| 245 | 1 | _aAvaliacao de soros de caes imunizados contra a raiva pelo metodo de contra-imunoeletroforese - CIE | |
| 650 | _aCao | ||
| 650 | _aRaiva | ||
| 650 | _aImunizacao | ||
| 773 | 0 |
_tVeterinaria e Zootecnia - Universidade Estadual Paulista (Brazil) _xISSN 0102-5716 _g(1995), v. 7 p. 99-105 _wBR9604781 |
|
| 909 |
_a202311 _bLúcia _c55 _dLúcia Elande |
||
| 942 |
_2AGRIS _n0 _cANA |
||
| 999 |
_c152804 _d152804 |
||